000 01423nam2a22002531 4500
001 RU\NLR\INFOCOMM31\1000096360
005 20250617055045.0
035 _a(NLR Aleph) 002500387
090 _a2587751
_c2587751
100 _a20040817d1972 |||y0rusy50 ca
101 0 _arus
102 _aRU
105 _ay |||||||||
200 1 _aЕдиный метод конструирования для построения чертежей пиджака на фигуру очень большой полноты
_fН.Я. Гриншпан
210 _d1972
_aБ. м.
461 0 _1001RU\NLR\INFOCOMM31\1000096327
_12001#$aБытовое обслуживание населения$eОбзор. информ.$hСерия 1$iПошив и ремонт швейных изделий по заказам населения$fМ-во быт. обслуж. населения РСФСР. ЦБНТИ$v1972, №4
_92587632
_cМ.
_d1965-
_fМ-во быт. обслуж. населения РСФСР. ЦБНТИ
_hСерия 1
_iПошив и ремонт швейных изделий по заказам населения
_oОбзор. информ.
_tБытовое обслуживание населения
_x0134-6822
_v1972, №4
700 1 _aГриншпан
_bН.Я.
_4070
801 1 _aRU
_bInfoComm
_c20040817
801 0 _aRU
_bNLR
_gPSBO
852 _aNLR
_jП10/3035
942 _cISSUE
980 _aNB
980 _aRUSPER